000 00316nam a22001457a 4500
008 221006b ||||| |||| 00| 0 eng d
020 _a9780190253547
041 _aeng
080 _a572
082 _a572 BRO
100 _a44.1
101 _aANTR
245 _aCULTURAL ANTHROPOLOGY
_cBRONDO K
942 _2udc
_cBK
999 _c58378
_d58378